000 00305nam a22001337a 4500
008 170508b xxu||||| |||| 00| 0 eng d
020 _a9780495596431
041 _aeng
080 _23 ED
_a34
100 _a14
101 _aSHJ
245 _aASSESSMENT IN COUNSELLING
_cWHISTON.S.C
942 _2udc
_cBK
999 _c12954
_d12954